| 000 | 01320nam a2200349 i 4500 | ||
|---|---|---|---|
| 001 | 130961 | ||
| 003 | ES-MaACL | ||
| 005 | 20250830204153.0 | ||
| 007 | t| | ||
| 008 | 040929s1982 sp ||||1| spa d | ||
| 040 | _cES-MaACL | ||
| 100 | 0 |
_aEl Greco _946893 _eill |
|
| 245 | 1 | 3 |
_aEl Greco de Toledo / _cla exposición El Greco de Toledo ha sido organizada por el Toledo Museum of Art... [et al.] ; textos de Jonathan Brown... [et al.]. |
| 260 |
_a[Madrid] : _bAlianza, _c[1982] |
||
| 300 |
_a280 p., 26 lám. ; _c31 cm. |
||
| 500 | _aBiblioteca Jacinto Martínez Lacalle. | ||
| 500 | _aExposición itinerante. | ||
| 600 | 0 | 4 |
_aEl Greco- _vExposiciones _946892 |
| 655 | 7 |
_2tgfbne _9193628 _aCatálogos de exposiciones |
|
| 700 | 1 |
_aBrown, Jonathan, _d1939- _932005 _eaut |
|
| 700 | 0 |
_aJordan, William B. _966916 _eaut |
|
| 700 | 0 |
_aKagan, Richard L. _967404 _eaut |
|
| 700 | 1 |
_aPérez Sánchez, Alfonso E., _d1935-2010 _eaut _991143 |
|
| 710 | 0 |
_aToledo Museum of Art _96967 |
|
| 710 | 2 |
_aMuseo Nacional del Prado _9160001 |
|
| 710 | 2 |
_aNational Gallery of Art (Estados Unidos) _95971 |
|
| 710 | 0 |
_aDallas Museum of Fine Arts _9240802 |
|
| 852 |
_aES-MaACL _jL-3243 _bR.104159 _xEncuadernación rústica |
||
| 942 |
_cMONOGRAFIA _n0 |
||
| 999 |
_c130961 _d130961 |
||